Advanced Programming using visual basic .Net /
This book made that step complete. After going through dozens of books on the subject (visual basic .net, C#, asp.net, etc) this book starts with the most necessary things you need to know.
Đã lưu trong:
| 主要作者: | |
|---|---|
| 其他作者: | |
| 格式: | 圖書 |
| 語言: | Vietnamese |
| 出版: |
American :
McGraw Hill ,
2003
|
| 版: | In lần thứ 1 |
| 主題: | |
| 標簽: |
添加標簽
沒有標簽, 成為第一個標記此記錄!
|
| Thư viện lưu trữ: | Thư viện Trường CĐ Kỹ Thuật Cao Thắng |
|---|
| LEADER | 01254nam a2200253 a 4500 | ||
|---|---|---|---|
| 001 | TVCDKTCT8191 | ||
| 003 | Thư viện trường Cao đẳng Kỹ thuật Cao Thắng | ||
| 005 | 20070831000000 | ||
| 008 | 070831 | ||
| 980 | \ | \ | |a Thư viện Trường CĐ Kỹ Thuật Cao Thắng |
| 024 | |a RG_1 #1 eb0 i1 | ||
| 020 | # | # | |a 0-07-251239-3 |
| 041 | 0 | # | |a vie |
| 082 | # | # | |a 005.276 8 / |b A100D-j |
| 100 | 1 | # | |a C. Millspaugh Anita |
| 245 | 0 | 0 | |a Advanced Programming using visual basic .Net / |c C. Millspaugh Anita, Case Bradley Julia |
| 250 | # | # | |a In lần thứ 1 |
| 260 | # | # | |a American : |b McGraw Hill , |c 2003 |
| 300 | # | # | |a 572tr. ; |c 27cm |
| 520 | # | # | |a This book made that step complete. After going through dozens of books on the subject (visual basic .net, C#, asp.net, etc) this book starts with the most necessary things you need to know. |
| 520 | # | # | |a It is really designed for those it says; "advanced". If you have no prior programming experience, then look elsewhere. But this book will throw you right into the best features of Visual Basic .NET, especially those features you might not pick up on at first when you are switching from another language. |
| 650 | # | 4 | |a Visual Basic .Net |
| 650 | # | 4 | |a Advanced |
| 700 | 0 | # | |a Case Bradley Julia |


